Wszyscy strzelcy bramek w eliminacjach Euro 2024 - Statystyki

Ogólne statystyki
  • Ten quiz został rozwiązany 27 razy
  • Średni wynik to 57 z 351
Statystyki odpowiedzi
Reprezentacja Gole Zawodnik % Poprawnych
Anglia 9 Harry Kane
83%
Polska 3 Robert Lewandowski
83%
1 Arkadiusz Milik
70%
Francja 9 Kylian Mbappé
70%
Portugalia 10 Cristiano Ronaldo
65%
1 Damian Szymański
65%
Belgia 14 Romelu Lukaku
65%
1 Sebastian Szymański
65%
4 Bukayo Saka
61%
1 Christian Eriksen
57%
Norwegia 6 Erling Haaland
57%
2 Karol Świderski
57%
2 Lamine Yamal
57%
1 Adam Buksa
52%
4 Álvaro Morata
52%
1 Martin Ødegaard
52%
1 Memphis Depay
52%
3 Olivier Giroud
52%
2 Teemu Pukki
52%
3 Bernardo Silva
48%
6 Bruno Fernandes
48%
Holandia 3 Cody Gakpo
48%
Węgry 4 Dominik Szoboszlai
48%
1 Edin Džeko
48%
2 Konrad Laimer
48%
Austria 4 Marcel Sabitzer
48%
1 Ousmane Dembélé
48%
1 Rafael Leão
48%
1 Arda Güler
43%
2 Dani Olmo
43%
1 Declan Rice
43%
Mołdawia 4 Ion Nicolaescu
43%
2 Marko Arnautović
43%
1 Neco Williams
43%
3 Nicolae Stanciu
43%
1 Nico Williams
43%
1 Virgil van Dijk
43%
1 Alexander Isak
39%
Chorwacja 4 Andrej Kramarić
39%
1 Antoine Griezmann
39%
1 Dennis Man
39%
3 Elif Elmas
39%
2 Granit Xhaka
39%
2 Marcus Rashford
39%
1 Mikel Merino
39%
1 Randal Kolo Muani
39%
Dania 7 Rasmus Højlund
39%
3 Tomáš Souček
39%
Szwecja 3 Viktor Gyökeres
39%
2 Xherdan Shaqiri
39%
1 Adrien Rabiot
35%
Serbia 5 Aleksandar Mitrović
35%
3 Barnabás Varga
35%
Słowenia 5 Benjamin Šeško
35%
3 Christoph Baumgartner
35%
3 Dušan Vlahović
35%
2 Emil Forsberg
35%
2 Gavi
35%
1 Jakub Piotrowski
35%
1 Kristjan Asllani
35%
2 Mateo Kovačić
35%
2 Stefan Savić
35%
2 Alexander Sørloth
30%
1 Andrij Jarmołenko
30%
1 Artem Dowbyk
30%
1 Dejan Kulusevski
30%
2 Diogo Jota
30%
1 Ehran Zahavi
30%
3 Ferran Torres
30%
3 Georges Mikautadze
30%
3 João Cancelo
30%
3 John McGinn
30%
1 Kyle Walker
30%
1 Lovro Majer
30%
2 Mateo Retegui
30%
1 Mikel Oyarzabal
30%
Szkocja 7 Scott McTominay
30%
1 Aleks Petkow
26%
1 Aurélien Tchouámeni
26%
1 Barış Alper Yılmaz
26%
1 Benjamin Pavard
26%
2 Bruno Petković
26%
1 Callum Wilson
26%
1 Dayot Upamecano
26%
1 Edvin Kuč
26%
Irlandia 2 Evan Ferguson
26%
2 Federico Chiesa
26%
3 Gonçalo Ramos
26%
Walia 3 Harry Wilson
26%
2 Ianis Hagi
26%
Albania 3 Jasir Asani
26%
3 João Félix
26%
Hiszpania 4 Joselu
26%
Gruzja 4 Khvicha Kvaratskhelia
26%
2 Leandro Trossard
26%
1 Manuel Akanji
26%
2 Marcus Thuram
26%
2 Martin Ádám
26%
1 Mychajło Mudryk
26%
1 Oleksandr Zinczenko
26%
1 Răzvan Marin
26%
1 Trent Alexander-Arnold
26%
3 Wout Weghorst
26%
1 Ádám Nagy
22%
1 Ante Budimir
22%
2 Benjamin Källman
22%
1 Daniel James
22%
2 Dávid Hancko
22%
2 Dušan Tadić
22%
2 Erik Janža
22%
1 Ernest Muçi
22%
1 Florinel Coman
22%
1 Gianluca Scamacca
22%
2 Gonçalo Inácio
22%
2 Joel Pohjanpalo
22%
2 Kingsley Coman
22%
2 Ondrej Duda
22%
1 Robin Le Normand
22%
3 Ruben Vargas
22%
1 Sokol Cikalleshi
22%
Czarnogóra 3 Stevan Jovetić
22%
1 Tomáš Čvančara
22%
1 Willi Orbán
22%
1 Yussuf Yurary Poulsen
22%
1 Ciro Immobile
17%
2 Dodi Lukebakio
17%
Luksemburg 5 Gerson Rodrigues
17%
1 Giacomo Raspadori
17%
1 Johan Bakayoko
17%
3 Jonas Wind
17%
1 Jonathan Clauss
17%
2 Juraj Kucka
17%
Turcja 2 Kerem Aktürkoğlu
17%
3 Milot Rashica
17%
3 Nedim Bajrami
17%
2 Roland Sallai
17%
1 Stanislav Lobotka
17%
1 Teun Koopmeiners
17%
Kosowo 3 Vedat Muriqi
17%
2 Wesley Fofana
17%
1 Yannick Carrasco
17%
1 Aaron Ramsey
13%
1 Álex Baena
13%
3 Anastasios Bakasetas
13%
Włochy 3 Davide Frattesi
13%
2 Domenico Berardi
13%
Macedonia 3 Enis Bardhi
13%
1 Fedor Černych
13%
San Marino 1 Filippo Berardi
13%
1 Glen Kamara
13%
2 Gylfi Sigurðsson
13%
1 Jan Kuchta
13%
1 Jan Mlakar
13%
1 Jan Vertonghen
13%
2 Joakim Mæhle
13%
1 Jørgen Strand Larsen
13%
1 Kieffer Moore
13%
Słowacja 3 Lukáš Haraslín
13%
1 Manor Solomon
13%
1 Marten de Roon
13%
1 Matteo Darmian
13%
3 Michael Gregoritsch
13%
1 Orkun Kökçü
13%
1 Robin Lod
13%
1 Silvan Widmer
13%
1 Strahinja Pavlović
13%
Czechy 3 Václav Černý
13%
Ukraina 2 Wiktor Cyhankow
13%
Szwajcaria 6 Zeki Amdouni
13%
3 Andraž Šporar
9%
2 Andri Guðjohnsen
9%
3 Budu Zivzivadze
9%
2 Cenk Tosun
9%
1 Charles De Ketelaere
9%
1 Dávid Ďuriš
9%
Rumunia 3 Dennis Alibec
9%
1 Giacomo Bonaventura
9%
1 Illa Zabarny
9%
1 İrfan Can Kahveci
9%
2 Isaac Price
9%
1 Jonny Evans
9%
1 Kalvin Phillips
9%
1 Kenny McLean
9%
2 Konstantinos Mavropanos
9%
2 Ladislav Krejčí
9%
1 Lyndon Dykes
9%
2 Mario Pašalić
9%
1 Matteo Pessina
9%
1 Mirlind Daku
9%
1 Nathan Broadhead
9%
3 Oliver Antman
9%
Izrael 2 Oscar Gloukh
9%
1 Otávio
9%
Malta 1 Paul Mbong
9%
2 Pierre-Emile Højbjerg
9%
2 Remo Freuler
9%
1 Renat Dadashov
9%
3 Renato Steffen
9%
2 Ricardo Horta
9%
2 Robert Skov
9%
1 Robin Quaison
9%
1 Spas Delew
9%
1 Thomas Delaney
9%
1 Vadim Rață
9%
2 Vladislav Baboglo
9%
1 Warren Zaïre-Emery
9%
2 Yvandro Borges Sanches
9%
1 Abdülkerim Bardakçı
4%
2 Adam Idah
4%
Islandia 3 Alfreð Finnbogason
4%
1 Amar Dedić
4%
1 Anthony Elanga
4%
3 Aron Gunnarsson
4%
1 Benjamin Verbič
4%
1 Callum McGregor
4%
1 Cengiz Ünder
4%
3 Danel Sinani
4%
1 David Brooks
4%
1 Davíð Kristján Ólafsson
4%
1 Denis Vavro
4%
1 Dimitris Pelkas
4%
1 Emil Holm
4%
1 Fredrik Aursnes
4%
1 George Pușcaș
4%
2 Jani Atanasow
4%
1 Jānis Ikaunieks
4%
2 Jan Worogowski
4%
Grecja 5 Jeorjos Masuras
4%
2 Jeorjos Masuras
4%
1 Josh Magennis
4%
1 Juchym Konopla
4%
Bułgaria 3 Kirił Despodow
4%
1 Lawrence Shankland
4%
1 Levan Shengelia
4%
Armenia 3 Lucas Zelarayán
4%
1 Márcio Vieira
4%
1 Matt Doherty
4%
1 Miroslav Stevanović
4%
1 Mohamed Elyounoussi
4%
Wyspy Owcze 1 Odmar Færø
4%
1 Oleksandr Karawajew
4%
1 Otar Kiteishvili
4%
2 Pyry Soiri
4%
Estonia 2 Rauno Sappinen
4%
2 Róbert Mak
4%
1 Robert Taylor
4%
1 Sandi Lovrić
4%
2 Shon Weissman
4%
1 Stephan El Sharrawy
4%
1 Stuart Armstrong
4%
2 Taulant Seferi
4%
1 Tomáš Chorý
4%
1 Toral Bayramov
4%
1 Yunus Akgün
4%
1 Yusuf Yazıcı
4%
2 Žan Vipotnik
4%
1 Zuriko Davitashvili
4%
1 Abat Aimbetov
0%
2 Abat Aimbetow
0%
1 Adam Gnezda Čerin
0%
Andora 2 Albert Rosas
0%
1 Alessandro Golinucci
0%
1 Altin Zeqiri
0%
1 Amar Rahmanović
0%
1 Andrei Burcă
0%
1 Anton Krivotsyuk
0%
1 Aron Dønnum
0%
1 Artak Dashyan
0%
2 Aschat Tagybergen
0%
Kazachstan 4 Baktijar Zajnutdinow
0%
1 Bálint Vécsei
0%
1 Bertuğ Yıldırım
0%
1 Callum Robinson
0%
3 Calvin Stengs
0%
1 Cedric Itten
0%
1 Conor McMenamin
0%
1 Dair Tiknizian
0%
Finlandia 4 Daniel Håkans
0%
Łotwa 1 Daniels Balodis
0%
1 Darko Czurlikow
0%
1 Darko Lazović
0%
1 David Brekalo
0%
1 David Douděra
0%
Irlandia Płn. 3 Dion Charles
0%
2 Dmitrij Antilewski
0%
1 Dor Peretz
0%
1 Dzianis Łapcieu
0%
1 Dzianis Palakou
0%
1 Edon Zhegrova
0%
1 Eduards Bemsis
0%
1 Edvinas Girdvainis
0%
Azerbejdżan 3 Emin Mahmudov
0%
1 Florian Kainz
0%
1 Fotis Joanidis
0%
1 Gabi Kanichowski
0%
1 Gadi Kinda
0%
1 Georgi Rusew
0%
1 Giorgi Chakvetadze
0%
2 Grant-Leon Ranos
0%
Cypr 1 Grigoris Kastanos
0%
Litwa 2 Gytis Paulauskas
0%
3 Hákon Arnar Haraldsson
0%
2 Islam Czesnokow
0%
1 Jesper Karlsson
0%
1 Joanis Pitas
0%
1 Jorgos Jakumakis
0%
1 Jowan Manew
0%
1 Kostas Pileas
0%
1 Kristers Tobers
0%
1 Ľubomír Šatka
0%
1 Luka Ivanušec
0%
1 Mads Boe Mikkelsen
0%
Białoruś 3 Maks Ebong
0%
2 Maksim Samorodow
0%
1 Manolis Siopis
0%
1 Mathias Olesen
0%
1 Mats Wieffer
0%
1 Maxime Chanot
0%
1 Mikael Egill Ellertsson
0%
2 Mikey Johnston
0%
1 Miloš Veljković
0%
1 Muhamet Hyseni
0%
1 Nathan Collins
0%
2 Nikola Krstović
0%
1 Oihan Sancet
0%
1 Ola Solbakken
0%
2 Orri Óskarsson
0%
1 Paul Smyth
0%
1 Philipp Lienhart
0%
2 Pijus Širvys
0%
1 Preslav Borukov
0%
1 Quilindschy Hartman
0%
Bośnia 2 Rade Krunić
0%
1 Ramazan Orazow
0%
1 Ramil Sheydayev
0%
1 Raz Shlomo
0%
1 Renato Gojković
0%
1 Róbert Boženík
0%
1 Ryan Portrous
0%
Lichtenstein 1 Sandro Wolfinger
0%
1 Simone Franciosi
0%
1 Slobodan Rubežić
0%
1 Srđan Babić
0%
1 Tigran Barseghian
0%
1 Tomáš Suslov
0%
1 Umut Nayir
0%
3 Valentin Mihăilă
0%
2 Victor Claesson
0%
2 Władysław Morozow
0%
1 Yannick Yankam
0%
1 Žan Karničnik
0%
Nie znaleziono quizów pasujących do podanych kryteriów
Rozkład punktacji
Procent ludzi z każdym wynikiem
Percentyl według liczby udzielonych odpowiedzi
Twoja historia wyników
Nie rozwiązałeś tego quizu